000
00310nam a2200133Ia 4500
005
20251222155135.0
008
251222s9999||||xx |||||||||||||| ||spa||
082
_a
LEN.80
100
_a
BAYLY, Jaime.
245
0
_a
Los Ultimos Dias de la Prensa
250
_a
1ra. ed.
264
_b
El comercio
942
_c
LIB
999
_c
38950
_d
38950